LEADER 01699oam 2200481 450 001 9910703606403321 005 20150519080157.0 035 $a(CKB)5470000002433652 035 $a(OCoLC)760328149$z(OCoLC)881642834 035 $a(EXLCZ)995470000002433652 100 $a20111111d1884 ua 0 101 0 $aeng 135 $aurbn||||a|a|| 181 $ctxt$2rdacontent 182 $cc$2rdamedia 183 $acr$2rdacarrier 200 10$aOn the fossil faunas of the Upper Devonian, along the meridian of 76 ?30?, from Tompkins county, N.Y., to Bradford county, Pa /$fby H.S. Williams 210 1$aWashington, D.C. :$cDepartment of the Interior, United States Geological Survey,$d1884. 210 2$aWashington :$cGovernment Printing Office. 215 $a1 online resource (36 pages) 225 1 $aBulletin of the United States Geological Survey ;$vno. 3 300 $aTitle from title screen (viewed Apr. 16, 2015). 320 $aIncludes bibliographical references and index. 606 $aPaleontology$yDevonian 606 $aPaleontology$zNew York (State) 606 $aPaleontology$zPennsylvania 615 0$aPaleontology 615 0$aPaleontology 615 0$aPaleontology 700 $aWilliams$b Henry Shaler$f1847-1918,$01389997 712 02$aGeological Survey (U.S.), 801 0$bOCLCE 801 1$bOCLCE 801 2$bOCLCQ 801 2$bOCLCF 801 2$bOCLCQ 801 2$bCOP 801 2$bOCLCO 801 2$bGPO 906 $aBOOK 912 $a9910703606403321 996 $aOn the fossil faunas of the Upper Devonian, along the meridian of 76 ?30?, from Tompkins county, N.Y., to Bradford county, Pa$93442213 997 $aUNINA